00367pab a2200133 454500008004000000100001800040245008100058260000900139300001000148362001100158650002200169650002200191773002000213180718b1998 xxu||||| |||| 00| 0 eng d aPradhan, G.C. aComparative inter and intra examiner reliability between marking and grading c1998 ap.6-8 a23 Mar aEducation - India aExamination marks aUniversity News